1352 1285 1092 1668 1491 1654 1724 1123 1048 1563 1657 1597 1107 1771 1317 1828 1902 1957 1003 1690 1849 1365 1206 1783 1634 1938 1785 1592 1424 1085 1247 1410 1024 1141 1992 1523 1175 1413 1377 1638 1540 1301 1110 1216 1256 1276 1213 1651 1052 1266 1624 1884 1678 1182 1492 1065 1395 1356 1259 1040 1874 1018 1002 1326 1462 1098 1382 1886 1279 1114 1888 1803 1546 1789 1732 1321 1145 1694 1008 1202 1612 1556 1283 1054 1509 1334 1349 1679 1295 1701 1296 1632 1361 1590 1345 1840 1093 1952 1837 BCNSPRNW ULIB Ver.6.0+V

เปลี่ยนเป็นภาษาไทย

Change to English
 แสดงรายละเอียดบรรณานุกรม
  กลับหน้าหลัก

Brief Record : Get Marc (ISO 2709) : E-mail record : QR code < ปิดหน้าต่าง
LEADER : 00000nas 2200000uu 4500
001    13399126061
003     ULIB
008    180515s2560||||th 000 0 tha d
022 0  ^a24654736
245 00 ^aวารสารวิจัยทางการพยาบาลและวิทยาศาสตร์สุขภาพ^cคณะพยาบาลศาสตร์ มหาวิทยาลัยราชภัฏเพชรบุรี
310    ^aราย 6 เดือน
850 ^a ULIB^bปีที่ 1 ฉบับที่ 2 ฉ.1 ;ปีที่ 1 ฉบับที่ 1 ฉ.1
856    ^aปีที่ 1 ฉบับที่ 1 มกราคม-มิถุนายน^c2560
945    ^p0^l0^i905159
945    ^p0^l0^i904879
999    ^aประนอม เกษจรัล
รายการนี้ยังไม่มีแท็ก
คุณยังไม่ได้ล็อกอิน คุณสามารถมีกิจกรรมร่วมกับเว็บไซต์ได้ แต่ต้องล็อกอินก่อน ::
  ล็อกอิน

รายการสื่อสารสนเทศ (วารสาร)

ดูแบบ: กล่อง รายการ
ARRIVED
ปีที่ 1 ฉบับที่ 1 ฉ.1
สถานที่: ห้องสมุดวิทยาเขตสวรรค์ประชารักษ์ >หนังสือพิมพ์
ARRIVED
ปีที่ 1 ฉบับที่ 2 ฉ.1
สถานที่: ห้องสมุดวิทยาเขตสวรรค์ประชารักษ์ >วารสาร

BibComment


ยังไม่เคยถูกคอมเมนท์

คอมเมนท์ทรัพยากรรายการนี้
  คอมเมนท์: วารสารวิจัยทางกา..


 Copyright 2026. Bcnsprnw @Library